[Event "3rd DC International"]
[Site "Arlington, VA"]
[Date "2015.06.26"]
[Round "2"]
[White "Yuvarajan, Prathiba"]
[Black "Helfst, Matt"]
[Result "1-0"]
[WhiteElo "2178"]
[BlackElo "1941"]
[PlyCount "74"]
[EventDate "2015.06.??"]
[EventType "swiss"]
[EventRounds "9"]
[EventCountry "USA"]

1. e4 e6 2. d4 d5 3. Nd2 dxe4 4. Nxe4 Bd7 5. Nf3 Bc6 6. Bd3 Nd7 7. O-O Ngf6 8.
Re1 Nxe4 9. Bxe4 Bxe4 10. Rxe4 Be7 11. c3 O-O 12. Bf4 c5 13. Qb3 Qb6 14. Qc2
Rac8 15. Rd1 Rfd8 16. Re2 cxd4 17. Rxd4 Nf6 18. Be5 Nd7 19. Bg3 Nf6 20. Rxd8+
Rxd8 21. Be5 Qa6 22. b4 Qc4 23. Bd4 Nd5 24. Ne5 Qc7 25. a3 Rc8 26. c4 f6 27.
Nf3 e5 28. Bxa7 Nf4 29. Re1 b6 30. g3 Qxa7 31. gxf4 Qxa3 32. Qf5 Rd8 33. fxe5
Qxb4 34. Qe6+ Kf8 35. Kg2 Qb2 36. Re3 Bc5 37. Ng5 Bxe3 1-0

[Event "3rd DC International"]
[Site "Arlington, VA"]
[Date "2015.06.26"]
[Round "2"]
[White "Viswanadha, Kesav"]
[Black "Vigneshwaran, Nesamani"]
[Result "1-0"]
[WhiteElo "2358"]
[BlackElo "1904"]
[PlyCount "63"]
[EventDate "2015.06.??"]
[EventType "swiss"]
[EventRounds "9"]
[EventCountry "USA"]

1. e4 e5 2. Nf3 Nc6 3. Bb5 a6 4. Ba4 Nf6 5. O-O b5 6. Bb3 Bc5 7. a4 Rb8 8. axb5
axb5 9. c3 d6 10. d4 Bb6 11. Na3 O-O 12. Nxb5 Bg4 13. Bc2 exd4 14. Nbxd4 Nxd4
15. cxd4 Bxf3 16. gxf3 Nh5 17. Kh1 Qf6 18. Be3 Nf4 19. Rg1 Ne6 20. Ra4 Ra8 21.
Rb4 Rfb8 22. f4 Nxf4 23. e5 dxe5 24. dxe5 Qe7 25. Rxf4 Bxe3 26. fxe3 Qxe5 27.
Qd3 g6 28. Bb3 Qxb2 29. Bxf7+ Kg7 30. Bd5 Ra1 31. Rf7+ Kh6 32. Rxh7+ 1-0

[Event "3rd DC International"]
[Site "Arlington, VA"]
[Date "2015.06.26"]
[Round "3.1"]
[White "Mcshane, Luke"]
[Black "Li, Ruifeng"]
[Result "1/2-1/2"]
[WhiteElo "2685"]
[BlackElo "2394"]
[PlyCount "103"]
[EventDate "2015.06.??"]
[EventType "swiss"]
[EventRounds "9"]
[EventCountry "USA"]
[WhiteClock "0:27:37"]
[BlackClock "0:48:20"]

1. c4 Nf6 2. g3 c5 3. Bg2 Nc6 4. Nf3 d6 5. O-O g6 6. b3 Bg7 7. Bb2 O-O 8. Nc3
Ne4 9. Qc1 Nxc3 10. Bxc3 e5 11. e3 Bg4 12. d3 Qd7 13. Re1 h6 14. Qb2 Rab8 15.
Nd2 a6 16. a3 b5 17. Qc2 Be6 18. Rab1 Rfc8 19. Red1 d5 20. cxd5 Bxd5 21. Ne4
Nd4 22. Qb2 b4 23. Bxb4 cxb4 24. exd4 exd4 25. axb4 Bxe4 26. Bxe4 Rxb4 27. Qa3
Rb6 28. Qa4 Qd6 29. Re1 Bf6 30. b4 Kg7 31. Qa2 Rxb4 32. Rxb4 Qxb4 33. Rb1 Qd6
34. Ra1 Be5 35. Qxa6 Rc1+ 36. Kg2 Rxa1 37. Qxa1 Qc5 38. h4 h5 39. Qa2 Bf6 40.
Bd5 Qe7 41. Qb1 Qd7 42. Qb3 Qe7 43. Qd1 Qd7 44. Be4 Qe6 45. Qc1 Qd7 46. Qc5 Be7
47. Qe5+ Bf6 48. Qf4 Bd8 49. Bf3 Bf6 50. Be4 Bd8 51. Qe5+ Bf6 52. Qf4 1/2-1/2

[Event "3rd DC International"]
[Site "Arlington, VA"]
[Date "2015.06.26"]
[Round "3.3"]
[White "Yang, Darwin"]
[Black "Zhou, Jianchao"]
[Result "0-1"]
[WhiteElo "2484"]
[BlackElo "2597"]
[PlyCount "110"]
[EventDate "2015.06.??"]
[EventType "swiss"]
[EventRounds "9"]
[EventCountry "USA"]
[WhiteClock "0:00:36"]
[BlackClock "0:07:44"]

1. d4 d5 2. c4 c6 3. Nf3 Nf6 4. e3 a6 5. Nc3 Bf5 6. Qb3 b5 7. c5 a5 8. Ne5 a4
9. Qd1 g6 10. g4 Be6 11. Bg2 Bg7 12. f4 h5 13. g5 Nfd7 14. Nf3 Na6 15. Nh4 Bg4
16. Qd2 e5 17. fxe5 Nxe5 18. dxe5 Qxg5 19. Qf2 Qxe5 20. O-O O-O 21. h3 Bd7 22.
e4 d4 23. Nf3 Qxc5 24. Ne2 d3 25. Nf4 Qxf2+ 26. Rxf2 Nc5 27. e5 Rad8 28. Be3
Ne4 29. Nxd3 Nxf2 30. Nxf2 Be6 31. a3 Bd5 32. Bb6 Bxf3 33. Bxf3 Rd2 34. Bxc6
Bxe5 35. Rd1 Rc2 36. Be4 Rcc8 37. Nd3 Bg7 38. Rd2 Rc4 39. Nf2 Kh7 40. Kg2 Rb8
41. Ba7 Rbc8 42. Bd3 R4c7 43. Be3 Bh6 44. Bxh6 Kxh6 45. Bxb5 Rc2 46. Rd3 Rxb2
47. Bxa4 Rc4 48. Bd1 Rf4 49. Bf3 h4 50. Rc3 Ra2 51. Rd3 f5 52. Rc3 Ra4 53. Bd5
R4xa3 54. Rc6 Rd2 55. Bf7 Kg7 0-1

[Event "3rd DC International"]
[Site "Arlington, VA"]
[Date "2015.06.26"]
[Round "3.4"]
[White "Jussupow, Artur"]
[Black "Shankar, Gauri"]
[Result "1/2-1/2"]
[WhiteElo "2584"]
[BlackElo "2365"]
[PlyCount "91"]
[EventDate "2015.06.??"]
[EventType "swiss"]
[EventRounds "9"]
[EventCountry "USA"]
[WhiteClock "0:14:51"]
[BlackClock "0:14:11"]

1. d4 Nf6 2. Nf3 e6 3. e3 b6 4. Bd3 Bb7 5. O-O d5 6. Ne5 Bd6 7. f4 c5 8. c3 O-O
9. Nd2 Nc6 10. Qf3 Ne7 11. g4 g6 12. g5 Nh5 13. Ng4 cxd4 14. cxd4 a5 15. Qe2
Qc8 16. Nf3 Ba6 17. Bd2 Bxd3 18. Qxd3 Qa6 19. Qxa6 Rxa6 20. a4 f6 21. Rac1 Raa8
22. Rc2 Rae8 23. Rc3 Kg7 24. Rb3 Rb8 25. Rc1 Rfc8 26. Rxc8 Nxc8 27. Kf1 Ra8 28.
Ke2 Ra7 29. Rc3 Rc7 30. Kd3 Rxc3+ 31. Bxc3 f5 32. Nge5 Kf8 33. b4 axb4 34. Be1
Ng7 35. Kc2 Ne8 36. Kb3 Ke7 37. Bxb4 Bxb4 38. Kxb4 Ned6 39. Nd2 Na7 40. Nf1 Ne4
41. Ng3 Nf2 42. h4 Nd1 43. Nf1 Nf2 44. Ng3 Nd1 45. Nf1 Nf2 46. Ng3 1/2-1/2

[Event "3rd DC International"]
[Site "Arlington, VA"]
[Date "2015.06.26"]
[Round "3"]
[White "Korley, Kassa"]
[Black "Maghami, Ehsan"]
[Result "0-1"]
[WhiteElo "2435"]
[BlackElo "2562"]
[PlyCount "54"]
[EventDate "2015.06.??"]
[EventType "swiss"]
[EventRounds "9"]
[EventCountry "USA"]

1. Nf3 c5 2. c3 Nf6 3. d4 e6 4. e3 b6 5. Nbd2 Bb7 6. Bd3 d5 7. Ne5 Be7 8. f4
O-O 9. Qf3 Ba6 10. Nc6 Qc7 11. Nxe7+ Qxe7 12. Bb1 Nc6 13. Kf2 Rac8 14. g4 Ne8
15. Qh3 g6 16. Nf3 Nd6 17. Qh6 f6 18. f5 Ne4+ 19. Bxe4 dxe4 20. Ne1 exf5 21.
gxf5 g5 22. Ng2 Qd7 23. Bd2 cxd4 24. exd4 Qxf5+ 25. Kg1 e3 26. Bxe3 Nb4 27. Bd2
Nc2 0-1

[Event "3rd DC International"]
[Site "Arlington, VA"]
[Date "2015.06.26"]
[Round "3"]
[White "Panchanathan, Magesh"]
[Black "Mandizha, Farai"]
[Result "1-0"]
[WhiteElo "2541"]
[BlackElo "2362"]
[PlyCount "125"]
[EventDate "2015.06.??"]
[EventType "swiss"]
[EventRounds "9"]
[EventCountry "USA"]

1. e4 e6 2. d4 d5 3. Nd2 h6 4. Bd3 c5 5. dxc5 Bxc5 6. Ngf3 Nf6 7. O-O O-O 8.
exd5 exd5 9. h3 Nc6 10. Nb3 Bb6 11. Re1 Re8 12. c3 Rxe1+ 13. Qxe1 d4 14. Nbxd4
Bxd4 15. cxd4 Nxd4 16. Nxd4 Qxd4 17. Qe3 Qxe3 18. Bxe3 Be6 19. a4 a6 20. a5 Rd8
21. Be2 Nd5 22. Bd2 Ne7 23. Be1 Nc6 24. Bf1 Bb3 25. f3 Rd1 26. Rxd1 Bxd1 27.
Bc4 Bc2 28. g4 Ba4 29. Kf2 Kf8 30. Ke3 Bc2 31. Bc3 f6 32. Be6 Nd8 33. Bc8 Bb3
34. f4 Bd5 35. h4 Bb3 36. Be1 Ke7 37. Bb4+ Ke8 38. Bd6 Be6 39. Bxe6 Nxe6 40. f5
Nd8 41. Ke4 Nc6 42. b4 Nd8 43. Kd5 Nf7 44. Kc5 Kd7 45. Bf8 Ne5 46. Bxg7 Nxg4
47. h5 Kc7 48. Bf8 Kd7 49. Kd5 Ke8 50. Bd6 Kd7 51. Bf4 Ke7 52. Kc5 Kd7 53. Kb6
Kc8 54. Ka7 Ne5 55. Bxh6 Nc6+ 56. Kb6 Nxb4 57. Bg7 Nd5+ 58. Kc5 Nc3 59. h6 Ne4+
60. Kb6 Ng5 61. Bxf6 Nh7 62. Be7 Kd7 63. f6 1-0

[Event "3rd DC International"]
[Site "Arlington, VA"]
[Date "2015.06.26"]
[Round "3"]
[White "Ippolito, Dean"]
[Black "Subramanian, Arun"]
[Result "1/2-1/2"]
[WhiteElo "2395"]
[BlackElo "2496"]
[PlyCount "27"]
[EventDate "2015.06.??"]
[EventType "swiss"]
[EventRounds "9"]
[EventCountry "USA"]

1. d4 d5 2. c4 c6 3. Nf3 Nf6 4. Qb3 e6 5. Bg5 h6 6. Bh4 Nbd7 7. e3 Be7 8. Nc3
O-O 9. Be2 b6 10. O-O Bb7 11. Rfd1 Ne4 12. Bxe7 Qxe7 13. Rac1 Nxc3 14. Qxc3
1/2-1/2

[Event "3rd DC International"]
[Site "Arlington, VA"]
[Date "2015.06.26"]
[Round "3"]
[White "Mulyar, Michael"]
[Black "Jayaram, Ashwin"]
[Result "0-1"]
[WhiteElo "2392"]
[BlackElo "2490"]
[PlyCount "80"]
[EventDate "2015.06.??"]
[EventType "swiss"]
[EventRounds "9"]
[EventCountry "USA"]

1. d4 d5 2. Nf3 c6 3. c4 Nf6 4. Nc3 dxc4 5. a4 Bf5 6. e3 e6 7. Bxc4 Bb4 8. O-O
Nbd7 9. Qe2 Bg4 10. h3 Bh5 11. Rd1 O-O 12. e4 Re8 13. e5 Nd5 14. Ne4 Rc8 15.
Bd3 Nf8 16. Bg5 Qc7 17. Ng3 Bg6 18. Bxg6 Nxg6 19. h4 h6 20. Bc1 c5 21. h5 Nge7
22. Qe4 cxd4 23. Nxd4 Nc6 24. Nxc6 bxc6 25. Rd3 Rb8 26. Nf1 Bc5 27. Bd2 Rxb2
28. Re1 Bb4 29. Qg4 Bxd2 30. Nxd2 Rb4 31. Nc4 Qe7 32. Rg3 f5 33. exf6 Nxf6 34.
Qe2 Qc5 35. Qf3 Rf8 36. Ne5 Ne4 37. Qe3 Qxe5 38. Rg4 Rxa4 39. Qxh6 Nxf2 40. Qc1
Re4 0-1

[Event "3rd DC International"]
[Site "Arlington, VA"]
[Date "2015.06.26"]
[Round "3"]
[White "Bachmann, Axel"]
[Black "Viswanadha, Kesav"]
[Result "1-0"]
[WhiteElo "2626"]
[BlackElo "2358"]
[PlyCount "119"]
[EventDate "2015.06.??"]
[EventType "swiss"]
[EventRounds "9"]
[EventCountry "USA"]

1. c4 Nf6 2. Nf3 e6 3. g3 d5 4. Bg2 dxc4 5. Qa4+ Nbd7 6. O-O a6 7. Qxc4 b5 8.
Qc2 Bb7 9. b3 c5 10. Nc3 Be7 11. a4 Qb6 12. Bb2 O-O 13. Rfc1 Rac8 14. axb5 axb5
15. Qd3 c4 16. bxc4 bxc4 17. Qc2 Nc5 18. Ba3 Qd8 19. Bxc5 Bxc5 20. Ra4 Bc6 21.
Ra2 Re8 22. e3 e5 23. Ng5 Bxg2 24. Kxg2 Qd3 25. Nge4 Nxe4 26. Nxe4 Bf8 27. Qxd3
cxd3 28. Rxc8 Rxc8 29. g4 f6 30. Ra7 Rd8 31. Rb7 Ba3 32. Kf1 Kf8 33. f3 Be7 34.
Rb3 Kf7 35. Nf2 Ra8 36. Rxd3 Ke6 37. Rb3 Ra1+ 38. Ke2 Rg1 39. Rb6+ Kd7 40. Rb7+
Ke6 41. f4 exf4 42. exf4 Rg2 43. f5+ Kf7 44. h4 Ke8 45. Kf3 Rg1 46. h5 Ra1 47.
d3 Re1 48. d4 Kf8 49. Nd3 Rd1 50. Nf4 Rf1+ 51. Ke3 Rg1 52. Ne6+ Kf7 53. d5 Rd1
54. Nd4 Kf8 55. d6 Bxd6 56. Ne6+ Kg8 57. Ke2 Rd5 58. Rxg7+ Kh8 59. Rd7 h6 60.
Nd8 1-0

[Event "3rd DC International"]
[Site "Arlington, VA"]
[Date "2015.06.26"]
[Round "3"]
[White "Santarius, Erik"]
[Black "Bodek, Michael"]
[Result "0-1"]
[WhiteElo "2266"]
[BlackElo "2425"]
[PlyCount "140"]
[EventDate "2015.06.??"]
[EventType "swiss"]
[EventRounds "9"]
[EventCountry "USA"]

1. e4 g6 2. d4 Bg7 3. c4 c5 4. d5 d6 5. Bd3 e6 6. Nf3 Ne7 7. O-O O-O 8. Nc3
exd5 9. cxd5 a6 10. h3 h6 11. Re1 Nd7 12. Bf4 Nf6 13. a4 Re8 14. Qd2 g5 15.
Bxd6 Nfxd5 16. Bxc5 Nf4 17. Bf1 Qxd2 18. Nxd2 Be6 19. Nf3 Nc6 20. Kh2 Rad8 21.
Re3 Na5 22. Bb6 Nb3 23. Rae1 Rd6 24. Bc7 Rd7 25. Be5 Nd2 26. Bxg7 Kxg7 27. Nxd2
Rxd2 28. g3 Ng6 29. R1e2 Rd4 30. Re1 Rd2 31. R3e2 Rd4 32. Kg1 Ne5 33. Bg2 Bc4
34. Re3 Rd2 35. b3 Bxb3 36. Rb1 Nc4 37. Re2 Rxe2 38. Nxe2 Bxa4 39. Rxb7 Bc6 40.
Rc7 Bxe4 41. Nd4 Nd6 42. Ra7 Nb5 43. Nxb5 axb5 44. Bxe4 Rxe4 45. Rb7 b4 46. Kg2
h5 47. Kf3 Rc4 48. Ke3 h4 49. Kf3 Kg6 50. Kg2 hxg3 51. fxg3 Rc2+ 52. Kf1 Rc3
53. h4 Rxg3 54. hxg5 Rg4 55. Rb5 Rc4 56. Ke2 Rc2+ 57. Kd3 Rb2 58. Kc4 Rg2 59.
Rb8 Rxg5 60. Kxb4 Rd5 61. Kc4 Rd7 62. Rb1 f5 63. Rf1 Kg5 64. Rg1+ Kh4 65. Rf1
Kg4 66. Rg1+ Kh3 67. Rf1 Rf7 68. Kd3 Kg2 69. Rf4 Kg3 70. Rd4 f4 0-1

[Event "3rd DC International"]
[Site "Arlington, VA"]
[Date "2015.06.26"]
[Round "3"]
[White "Studen, Damir"]
[Black "Shen, Victor"]
[Result "0-1"]
[WhiteElo "2259"]
[BlackElo "2412"]
[PlyCount "48"]
[EventDate "2015.06.??"]
[EventType "swiss"]
[EventRounds "9"]
[EventCountry "USA"]

1. d4 Nf6 2. c4 c6 3. Nc3 d5 4. cxd5 cxd5 5. Nf3 Nc6 6. Bf4 Nh5 7. Be5 f6 8.
Bg3 e5 9. e3 Nxg3 10. hxg3 Be6 11. dxe5 fxe5 12. Bb5 Qd6 13. Rh5 g6 14. Rxe5
Bg7 15. Rxe6+ Qxe6 16. Nxd5 O-O-O 17. Bc4 Kb8 18. Qd2 Qe4 19. Bb3 Rd7 20. Ng5
Qxg2 21. O-O-O Rc8 22. Kb1 h6 23. Nh7 Bh8 24. Bc2 Rcd8 0-1

[Event "3rd DC International"]
[Site "Arlington, VA"]
[Date "2015.06.26"]
[Round "3"]
[White "Carreto, Giovanni"]
[Black "Sevian, Samuel"]
[Result "0-1"]
[WhiteElo "2208"]
[BlackElo "2578"]
[PlyCount "78"]
[EventDate "2015.06.??"]
[EventType "swiss"]
[EventRounds "9"]
[EventCountry "USA"]

1. e4 e5 2. Nf3 Nc6 3. d4 exd4 4. Nxd4 Nf6 5. Nxc6 bxc6 6. e5 Qe7 7. Qe2 Nd5 8.
c4 Ba6 9. Nd2 g6 10. Nf3 Bg7 11. Qc2 Nb6 12. Bd3 Qe6 13. b3 d6 14. Bb2 dxe5 15.
O-O-O O-O 16. Rhe1 Nd7 17. Ba3 Rfe8 18. h4 Rad8 19. Ng5 Qf6 20. g3 h6 21. Ne4
Qe6 22. h5 f5 23. Nc3 e4 24. Be2 Ne5 25. hxg6 Qxg6 26. Kb1 Bc8 27. Rh1 Ng4 28.
Bxg4 fxg4 29. Rxd8 Rxd8 30. Nd1 Rd2 31. Qxd2 e3+ 32. Qc2 Bf5 33. Nxe3 Bxc2+ 34.
Nxc2 Qf5 35. Rd1 Qxf2 36. Rd8+ Kh7 37. Rd7 Qxg3 38. Bc1 Qe5 39. c5 g3 0-1

[Event "3rd DC International"]
[Site "Arlington, VA"]
[Date "2015.06.26"]
[Round "3"]
[White "Nuri, Kambez"]
[Black "Yuvarajan, Prathiba"]
[Result "0-1"]
[WhiteElo "2322"]
[BlackElo "2178"]
[PlyCount "78"]
[EventDate "2015.06.??"]
[EventType "swiss"]
[EventRounds "9"]
[EventCountry "USA"]

1. e4 e5 2. Nc3 Nf6 3. f4 d5 4. exd5 exf4 5. Bc4 Be7 6. d4 Nbd7 7. Bxf4 Nb6 8.
Bb5+ Bd7 9. Bxd7+ Qxd7 10. d6 cxd6 11. Qf3 d5 12. Nge2 Rc8 13. O-O O-O 14. Rae1
Nc4 15. Bc1 Bd6 16. Nf4 Bxf4 17. Bxf4 Qf5 18. Be5 Qxf3 19. Rxf3 Rfe8 20. h3 Re6
21. b3 Na3 22. Ref1 Rec6 23. Ne2 Rxc2 24. Ng3 Rxa2 25. Nf5 Rcc2 26. Nxg7 Rxg2+
27. Kh1 Nd7 28. Rc1 Nxe5 29. dxe5 Rh2+ 30. Kg1 Rag2+ 31. Kf1 Nc2 32. Nf5 d4 33.
Rd3 Rg5 34. Rg3 Rxg3 35. Nxg3 d3 36. Kg1 Rxh3 37. Ne4 Re3 38. Nf6+ Kg7 39. Rd1
Rxe5 0-1

[Event "3rd DC International"]
[Site "Arlington, VA"]
[Date "2015.06.26"]
[Round "3"]
[White "Korba, Nicky"]
[Black "Hua, David"]
[Result "1/2-1/2"]
[WhiteElo "2117"]
[BlackElo "2319"]
[PlyCount "64"]
[EventDate "2015.06.??"]
[EventType "swiss"]
[EventRounds "9"]
[EventCountry "USA"]

1. e4 e5 2. Nf3 Nc6 3. Nc3 Nf6 4. Bb5 Bd6 5. d3 a6 6. Bxc6 dxc6 7. O-O O-O 8.
h3 Nd7 9. Ne2 Nc5 10. Ng3 f6 11. Nh2 Rf7 12. Nf5 Bf8 13. Ng4 Ne6 14. g3 c5 15.
f4 exf4 16. gxf4 Nd4 17. Nfe3 h5 18. Nf2 f5 19. c3 Ne6 20. Ng2 g6 21. Be3 b6
22. Qf3 Bb7 23. Qg3 Rg7 24. h4 Qe8 25. b3 a5 26. Ne1 Be7 27. Nf3 Bf6 28. Rac1
a4 29. b4 c4 30. e5 Be7 31. Nd4 Bd5 32. Rfd1 b5 1/2-1/2

[Event "3rd DC International"]
[Site "Arlington, VA"]
[Date "2015.06.26"]
[Round "3"]
[White "Niemann, Hans"]
[Black "Dahlgren, James"]
[Result "1/2-1/2"]
[WhiteElo "2179"]
[BlackElo "1897"]
[PlyCount "98"]
[EventDate "2015.06.??"]
[EventType "swiss"]
[EventRounds "9"]
[EventCountry "USA"]

1. d4 d5 2. c4 c6 3. Nf3 Nf6 4. Qc2 a6 5. b3 g6 6. e3 Bf5 7. Bd3 Bxd3 8. Qxd3
Bg7 9. Nc3 O-O 10. O-O b5 11. a3 Nbd7 12. Ra2 Qc7 13. Rc2 Rac8 14. Bb2 Rfd8 15.
Rfc1 dxc4 16. bxc4 Nc5 17. Qe2 Nb3 18. Rd1 Na5 19. c5 Nc4 20. Nb1 Ne4 21. Nbd2
Nxb2 22. Rxb2 Nc3 23. Qe1 Nxd1 24. Qxd1 Rd5 25. Ne4 Rcd8 26. Qb3 h6 27. Nc3
R5d7 28. Ne4 Kf8 29. g4 Qc8 30. h3 Ra7 31. Nh4 Bf6 32. Ng2 Qd7 33. Nf4 Bg7 34.
Rd2 g5 35. Nh5 f5 36. gxf5 Qxf5 37. Neg3 Qxh3 38. Rd3 Rad7 39. e4 Rxd4 40. Rxd4
Bxd4 41. Qf3+ Kg8 42. Qe2 e6 43. e5 Bxe5 44. Qc2 Bg7 45. Qe2 Rd5 46. Qf3 Bd4
47. Qe4 Bg7 48. Qf3 Bd4 49. Qe4 Bg7 1/2-1/2

[Event "3rd DC International"]
[Site "Arlington, VA"]
[Date "2015.06.26"]
[Round "3"]
[White "Helfst, Matt"]
[Black "Menon, Vishal"]
[Result "1-0"]
[WhiteElo "1941"]
[BlackElo "1616"]
[PlyCount "142"]
[EventDate "2015.06.??"]
[EventType "swiss"]
[EventRounds "9"]
[EventCountry "USA"]

1. Nf3 Nf6 2. c4 e6 3. g3 d5 4. d4 Bb4+ 5. Bd2 a5 6. a3 Bxd2+ 7. Nbxd2 c6 8.
Bg2 Nbd7 9. O-O O-O 10. Qc2 Re8 11. e4 dxe4 12. Nxe4 Nxe4 13. Qxe4 Nf6 14. Qc2
Qc7 15. b4 b6 16. Ne5 Bb7 17. f4 Red8 18. Rad1 h6 19. f5 exf5 20. Qxf5 axb4 21.
axb4 Ra2 22. c5 Rb2 23. Nd3 Rb3 24. Qe5 Qxe5 25. Nxe5 Rxb4 26. Bxc6 Ba6 27.
Rfe1 Rdxd4 28. Rxd4 Rxd4 29. Ra1 bxc5 30. Rxa6 Ng4 31. Ra8+ Kh7 32. Nxg4 Rxg4
33. Ra4 Rg5 34. Rf4 f6 35. Be4+ Kg8 36. Rf5 Rg4 37. Bf3 Rb4 38. Rxc5 Rb1+ 39.
Kg2 Rb2+ 40. Kh3 g5 41. Bh5 Rf2 42. g4 Rb2 43. Rc8+ Kg7 44. Rc7+ Kg8 45. Bg6
Rb3+ 46. Kg2 Rb2+ 47. Rc2 Rb6 48. Rc3 Kg7 49. Bh5 Rd6 50. Kf3 Rd2 51. h3 Rd4
52. Rc7+ Kg8 53. Bg6 Rb4 54. Bd3 Rf4+ 55. Ke2 h5 56. Rc4 Rxc4 57. Bxc4+ Kg7 58.
Bd3 hxg4 59. hxg4 Kf7 60. Bf5 Ke7 61. Ke3 Kd6 62. Ke4 Ke7 63. Kd5 Kf7 64. Kd6
Ke8 65. Ke6 Kf8 66. Kxf6 Kg8 67. Kxg5 Kg7 68. Bd3 Kf7 69. Kh6 Kg8 70. g5 Kf8
71. Kh7 Kf7 1-0

[Event "3rd DC International"]
[Site "Arlington, VA"]
[Date "2015.06.27"]
[Round "4.1"]
[White "Zhou, Jianchao"]
[Black "Panchanathan, Magesh"]
[Result "0-1"]
[WhiteElo "2597"]
[BlackElo "2541"]
[PlyCount "68"]
[EventDate "2015.06.??"]
[EventType "swiss"]
[EventRounds "9"]
[EventCountry "USA"]
[WhiteClock "0:07:30"]
[BlackClock "0:04:45"]

1. c4 e5 2. d3 Nc6 3. Nf3 Nf6 4. a3 d5 5. cxd5 Nxd5 6. e4 Nf6 7. Qc2 Bg4 8.
Nbd2 a5 9. b3 Nd7 10. Bb2 Qf6 11. Be2 Bc5 12. O-O O-O 13. h3 Bxf3 14. Nxf3 Qd6
15. Rfd1 Rfe8 16. Qc4 Rad8 17. b4 axb4 18. axb4 Bxb4 19. d4 exd4 20. Nxd4 Nce5
21. Qb5 Qb6 22. Qxb6 Nxb6 23. Ra7 Nbc4 24. Ba1 Na5 25. Rb1 c5 26. Rxb4 cxb4 27.
Rxa5 Nc6 28. Nxc6 bxc6 29. Be5 b3 30. Bc4 Rxe5 31. Rxe5 b2 32. Ba2 Kf8 33. Kh2
Rd1 34. Rc5 Rc1 0-1

[Event "3rd DC International"]
[Site "Arlington, VA"]
[Date "2015.06.27"]
[Round "4.2"]
[White "Maghami, Ehsan"]
[Black "Jayaram, Ashwin"]
[Result "1/2-1/2"]
[WhiteElo "2562"]
[BlackElo "2490"]
[PlyCount "57"]
[EventDate "2015.06.??"]
[EventType "swiss"]
[EventRounds "9"]
[EventCountry "USA"]
[WhiteClock "0:06:27"]
[BlackClock "0:33:53"]

1. Nf3 Nf6 2. c4 c6 3. Nc3 d5 4. e3 g6 5. d4 Bg7 6. Be2 O-O 7. O-O e6 8. Qc2
Nbd7 9. Rd1 Re8 10. b3 b6 11. cxd5 exd5 12. a4 a5 13. Ba3 Bb7 14. Bd3 Rc8 15.
Rac1 Bf8 16. Bxf8 Kxf8 17. Qb2 Qe7 18. h3 Kg8 19. Re1 Qb4 20. Ne2 Ne4 21. Nf4
Qd6 22. Rb1 Qb4 23. Rec1 Ra8 24. Bxe4 Rxe4 25. Nd3 Qd6 26. Nfe5 Nxe5 27. Nxe5
c5 28. Nf3 Re7 29. Rc3 1/2-1/2

[Event "3rd DC International"]
[Site "Arlington, VA"]
[Date "2015.06.27"]
[Round "4.3"]
[White "Shen, Victor"]
[Black "Mcshane, Luke"]
[Result "0-1"]
[WhiteElo "2412"]
[BlackElo "2685"]
[PlyCount "62"]
[EventDate "2015.06.??"]
[EventType "swiss"]
[EventRounds "9"]
[EventCountry "USA"]
[WhiteClock "0:03:26"]
[BlackClock "0:30:11"]

1. d4 Nf6 2. c4 d6 3. Nf3 g6 4. g3 Bg7 5. Bg2 O-O 6. Nc3 Nc6 7. O-O Rb8 8. b3
a6 9. Nd5 e6 10. Nxf6+ Qxf6 11. Bb2 Qe7 12. Qd2 e5 13. d5 Nd8 14. b4 f5 15. c5
Nf7 16. Qc3 Bd7 17. Nd2 Bh8 18. Qc2 Bf6 19. a4 e4 20. Bxf6 Qxf6 21. Nc4 b5 22.
Na5 Ne5 23. c6 Be8 24. Nb7 Bf7 25. axb5 axb5 26. Rfd1 g5 27. Na5 Rbe8 28. Ra3
Bg6 29. Qc3 f4 30. Qd4 e3 31. f3 Bc2 0-1

[Event "3rd DC International"]
[Site "Arlington, VA"]
[Date "2015.06.27"]
[Round "4.4"]
[White "Li, Ruifeng"]
[Black "Bachmann, Axel"]
[Result "1-0"]
[WhiteElo "2394"]
[BlackElo "2626"]
[PlyCount "121"]
[EventDate "2015.06.??"]
[EventType "swiss"]
[EventRounds "9"]
[EventCountry "USA"]
[WhiteClock "0:04:31"]
[BlackClock "1:35:18"]

1. e4 e5 2. Nf3 Nc6 3. Bb5 a6 4. Ba4 Nf6 5. O-O b5 6. Bb3 Bc5 7. d3 d6 8. Be3
Bxe3 9. fxe3 Na5 10. Qe1 c6 11. Nbd2 O-O 12. Nh4 g6 13. Nhf3 Kg7 14. h3 c5 15.
c3 c4 16. dxc4 bxc4 17. Bc2 h6 18. b4 cxb3 19. axb3 Be6 20. Qe2 Qc7 21. c4 Nc6
22. Nb1 Nd7 23. Nc3 Nc5 24. Nh4 Nb4 25. Nf5+ Kh7 26. Rad1 Rad8 27. Nd5 Nxd5 28.
cxd5 Bd7 29. b4 Bb5 30. Qf2 Na4 31. Bxa4 Bxa4 32. Ra1 Bb5 33. Rfc1 Qd7 34. Ng3
Qe7 35. Ra3 Rc8 36. Rac3 Rxc3 37. Rxc3 h5 38. Qc2 Qg5 39. Nf1 Bd7 40. Kh2 Rb8
41. Rc7 Qd8 42. Qc3 Kg7 43. Nd2 g5 44. Nf3 Kg6 45. Ra7 g4 46. Rxa6 gxf3 47.
Rxd6+ f6 48. Qxe5 f2 49. Qg3+ Kf7 50. Qxf2 Qe7 51. Qf4 Rxb4 52. Kg1 h4 53. Ra6
Rb1+ 54. Kh2 Bb5 55. Re6 Qd8 56. Qxh4 Kg7 57. Qg4+ Kf8 58. Qh4 Kg7 59. Qg4+ Kf8
60. Qh5 Kg7 61. d6 1-0

[Event "3rd DC International"]
[Site "Arlington, VA"]
[Date "2015.06.27"]
[Round "4"]
[White "Debs, Felipe"]
[Black "Ippolito, Dean"]
[Result "0-1"]
[WhiteElo "2515"]
[BlackElo "2395"]
[PlyCount "88"]
[EventDate "2015.06.??"]
[EventType "swiss"]
[EventRounds "9"]
[EventCountry "USA"]

1. d4 d5 2. c4 e6 3. Nc3 Be7 4. cxd5 exd5 5. Bf4 c6 6. e3 Bf5 7. g4 Be6 8. h3
Nd7 9. Bd3 g5 10. Bh2 h5 11. f3 Ngf6 12. Qc2 Nb6 13. O-O-O Bd6 14. Bxd6 Qxd6
15. Nge2 O-O-O 16. Nb5 Qe7 17. Ng3 a6 18. Nc3 hxg4 19. hxg4 Bxg4 20. Bf5+ Bxf5
21. Nxf5 Qe6 22. e4 dxe4 23. fxe4 Kb8 24. Ng7 Qe7 25. Rhf1 Rh7 26. Nf5 Qe6 27.
e5 Nfd5 28. Nd6 Rg7 29. Qb3 Rd7 30. Nce4 g4 31. Nf5 Rh7 32. Nc5 Qg6 33. Nxd7+
Nxd7 34. Rd3 N7b6 35. Rg3 Rh2 36. Kb1 a5 37. a3 Qg5 38. Ne3 a4 39. Qd3 Nxe3 40.
Rxe3 Nc4 41. e6 Qb5 42. Qc3 Nd2+ 43. Ka2 Qxf1 44. Qc2 Rh1 0-1

[Event "3rd DC International"]
[Site "Arlington, VA"]
[Date "2015.06.27"]
[Round "4"]
[White "Subramanian, Arun"]
[Black "Pourkashiyan, Atousa"]
[Result "1-0"]
[WhiteElo "2496"]
[BlackElo "2370"]
[PlyCount "105"]
[EventDate "2015.06.??"]
[EventType "swiss"]
[EventRounds "9"]
[EventCountry "USA"]

1. d4 Nf6 2. c4 e6 3. Nc3 Bb4 4. e3 O-O 5. Bd3 d5 6. a3 Bxc3+ 7. bxc3 dxc4 8.
Bxc4 c5 9. Ne2 Nc6 10. O-O e5 11. Bb2 b6 12. Rc1 Bb7 13. Ba2 Rc8 14. d5 Ne7 15.
c4 Ng6 16. Bb1 Re8 17. a4 a6 18. e4 Rb8 19. g3 Bc8 20. Nc3 Bh3 21. Re1 Qd7 22.
Bd3 Red8 23. Rb1 Ne8 24. Bc1 Nd6 25. Be3 Qc7 26. Rb2 Bd7 27. Qd2 Nb7 28. f4
exf4 29. gxf4 Bg4 30. Qf2 Qe7 31. Qg3 Bh5 32. Rxb6 Na5 33. Reb1 Rxb6 34. Rxb6
Nh4 35. Kf2 Kh8 36. Qg5 Qxg5 37. fxg5 Ng6 38. Bxc5 Ne5 39. Bf1 Rc8 40. Bd4
Naxc4 41. Bxc4 Nxc4 42. Rxa6 Nd2 43. h3 Nf3 44. Rc6 Rb8 45. Ke3 Ne1 46. Bc5 h6
47. d6 Nc2+ 48. Kd2 Nb4 49. Bxb4 Rxb4 50. Nd5 Rxe4 51. Kc3 Re5 52. Rc8+ Kh7 53.
Kd4 1-0